Presidents of Bosnia & Herzegovina by Picture - Statistics

General Stats
  • This quiz has been taken 41 times
  • The average score is 12 of 21
Answer Stats
Picture Hint Answer % Correct
2010-2018 Bakir Izetbegović
100%
1996-2000 Alija Izetbegović
97%
2018-2022 Milorad Dodik
97%
2002-2005 | 2014-2018 Dragan Čović
86%
2006-2014 | 2018-Present Željko Komšić
83%
2022-Present Željka Cvijanović
76%
2022-Present Denis Bećirović
66%
2018-2022 Šefik Džaferović
62%
2006-2010 Haris Silajdžić
59%
2014-2018 Mladen Ivanić
59%
2002-2006 Sulejman Tihić
59%
1996-1998 Momčilo Krajišnik
55%
2002-2003 Mirko Šarović
48%
2000-2001 Halid Genjac
38%
2006-2014 Nebojša Radmanović
38%
2001-2002 Beriz Belkić
34%
1996-1998 Krešimir Zubak
34%
2003-2006 Borislav Paravac
31%
2005-2006 Ivo Miro Jović
31%
1998-2002 Živko Radišić
28%
2001-2002 Jozo Križanović
24%
No matching quizzes found
Score Distribution
Percent of People with Each Score
Percentile by Number Answered
Your Score History
You have not taken this quiz